Mathematics for the social and behavioral sciences : (Record no. 1496)

MARC details
000 -LEADER
fixed length control field 00665cam a2200193 4500
001 - CONTROL NUMBER
control field 1943
005 - DATE AND TIME OF LATEST TRANSACTION
control field 20181127164248.0
008 - FIXED-LENGTH DATA ELEMENTS--GENERAL INFORMATION
fixed length control field 690310s1969 paua b 001 0 eng
010 ## - LIBRARY OF CONGRESS CONTROL NUMBER
LC control number 69012883
100 1# - MAIN ENTRY--PERSONAL NAME
Personal name Gelbaum, Bernard R.
245 10 - TITLE STATEMENT
Title Mathematics for the social and behavioral sciences :
Remainder of title probability, calculus, and statistics /
Statement of responsibility, etc. Bernard R. Gelbaum.
260 ## - PUBLICATION, DISTRIBUTION, ETC.
Place of publication, distribution, etc. Philadelphia :
Name of publisher, distributor, etc. Saunders,
Date of publication, distribution, etc. 1969.
300 ## - PHYSICAL DESCRIPTION
Extent xii, 337 p. :
Other physical details ill. ;
Dimensions 24 cm.
504 ## - BIBLIOGRAPHY, ETC. NOTE
Bibliography, etc. note Bibliography: p. 333-334.
650 #0 - SUBJECT ADDED ENTRY--TOPICAL TERM
Topical term or geographic name entry element Mathematics.
Topical term or geographic name entry element Social sciences
General subdivision Mathematics.
700 ## - ADDED ENTRY--PERSONAL NAME
Personal name James G. March.
Numeration
Titles and other words associated with a name
Dates associated with a name
Relator term
Form subheading
Language of a work
Medium of performance for music
Number of part/section of a work
Arranged statement for music
Name of part/section of a work
Fuller form of name
Key for music
Version
Title of a work
Personal name March, James G.,
Relator term joint author.
Holdings
Withdrawn status Lost status Source of classification or shelving scheme Damaged status Not for loan Collection code Home library Current library Shelving location Serial Enumeration / chronology Inventory number Total Checkouts Full call number Barcode Date last seen Price effective from Koha item type
    Dewey Decimal Classification     Main TEST RTC Library RTC Library Main opac 2120   519.008 GEL 30003191 27/11/2018 27/11/2018 Main
Royal Thimphu College || All Right Reserved